00448nam a2200133 a 450000500170000000800410001702000170005805000230007510000210009824501010011926000400022065000340026070000200029420140414093843.0090320s19uu xx uuu eng d a0521-49766-3 aCT 420.7bJAK 1996 aJakeman, Vanessa aCambridge Practice Tests for IELTS - 1 :bself study edition /cVanessa Jakeman, Clare McDowell. bCambridge University Press,cc1996. aEnglish as a second language. aMcDowell, Clare